Statistiques concernant 5 meilleurs buteurs par pays #1

Cliquez ici pour prendre le quiz!

Statistiques générales

  • Ce quiz a été pris 248 fois
  • Le résultat moyen est 14 sur 25

Statistiques - réponses

NationalitéClubNombre de butsJoueur% Correct
FrançaisAC Milan53Giroud
98%
FrançaisParis Saint Germain38Mbappé
98%
FrançaisAtletico Madrid41Griezmann
95%
FrançaisRetraité51Henry
94%
AnglaisTottenham hotspur55Kane
94%
PortugaisAl-Nassr FC122Ronaldo
92%
AllemandRetraité68Muller
84%
FrançaisRetraité41Platini
80%
EspagnolRetraité59Villa
72%
PortugaisRetraité41Eusebio
68%
AnglaisRetraité53Rooney
68%
AllemandRetraité71Klose
67%
EspagnolAtletico Madrid30Morata
64%
EspagnolRetraité38Torres
63%
PortugaisRetraité32Figo
58%
EspagnolRetraité44Raul
41%
EspagnolReal Sociedad35Silva
36%
PortugaisRetraité47Pauleta
34%
AnglaisRetraité49Charlton
33%
AllemandGornik Zabrze49Podolski
32%
AnglaisRetraité48Lineker
27%
AllemandRetraité47Voller
15%
PortugaisRetraité29Gomes
14%
AllemandRetraité45Klinsmann
9%
AnglaisRetraité44Woodward
0%

Distribution des résultats

Percentile par nombre de réponses

% des personnes avec chaque résultat

Votre développement - résultats

Vous n’avez pas pris ce quiz